Logistika s pridanou hodnotou

Nevyhnutné predpoklady úspešnej existencie podniku na trhu a konkurencieschopnosť. Zvyšovanie kvality produkcie a komplexnosť doplnkových služieb. Implementácia vhodných logistických riešení.

Guardado en:
Detalles Bibliográficos
Autor principal: Jurika, Michal
Formato: Capítulo de libro
Lenguaje:eslovaco
Materias:
Etiquetas: Agregar Etiqueta
Sin Etiquetas, Sea el primero en etiquetar este registro!

MARC

LEADER 00000naa a2200000 4500
001 0150864
005 20220725111447.8
041 0 |a slo 
044 |a SK 
245 1 0 |a Logistika s pridanou hodnotou  |c Michal Jurika 
520 |a Nevyhnutné predpoklady úspešnej existencie podniku na trhu a konkurencieschopnosť. Zvyšovanie kvality produkcie a komplexnosť doplnkových služieb. Implementácia vhodných logistických riešení. 
610 2 0 |a doprava 
610 2 0 |a logistika 
610 2 0 |a reťazce dodávateľsko-odberateľské 
610 2 0 |a služby logistické 
610 2 0 |a služby doplnkové 
610 2 0 |a systémy informačné logistické 
100 1 |a Jurika, Michal